000 00603nam a2200157 4500
999 _c15984
_d15984
008 210203b ||||| |||| 00| 0 eng d
022 _a0732-8435
082 _aDPer 657.05 C33 Feb - Aug 2012, v. 82
100 _aBushong, J. Gregory
_942873
245 _aLook before you leap:
_bmarketing advice for small firms/
_cJ. Gregory Bushong and Paul Sergius Koku.
260 _aNew York:
_bThe New York State Society of CPA,
_c©2012.
300 _av82 n5, pages 52-59:
_bcolor illustration;
_c28 cm.
650 _aBusiness enterprises.
_942874
700 _aKoku, P. S.
_eAuthor.
_942875
942 _2ddc
_cPER